Visualizzazione normale
Vista MARC
- Las Merindades (España)
di Geographic Name
Records bibliografici associati: 1
001 - CONTROL NUMBER
- control field: 46218
003 - CONTROL NUMBER IDENTIFIER
- control field: IT-RoINE
005 - DATE AND TIME OF LATEST TRANSACTION
- control field: 20200720052455.0
008 - FIXED-LENGTH DATA ELEMENTS
- fixed length control field: 180316|| aca||aabn | a|a d
040 ## - CATALOGING SOURCE
- Original cataloging agency: IT-RoINE
- Transcribing agency: IT-RoINE
151 ## - HEADING--GEOGRAPHIC NAME
- Geographic name: Las Merindades (España)
- General subdivision: Historia
670 ## - SOURCE DATA FOUND
- Source citation: Work cat.: (IT-RoINE)0: Arribas Magro, María del Carmen 46217, Las Merindades de Burgos, 300 a.C-1560 /, D. L. 2016.